Ποιοτική έρευνα υποστηριζόμενη από λογισμικά : ένας οδηγός βήμα προς βήμα
Αποθηκεύτηκε σε:
| Κύριος συγγραφέας: | |
|---|---|
| Άλλοι συγγραφείς: | , , , |
| Μορφή: | Βιβλίο |
| Γλώσσα: | Greek English |
| Δημοσίευση: |
Αθήνα :
Liberal Books,
2019.
|
| Θέματα: | |
| Ετικέτες: |
Προσθήκη ετικέτας
Δεν υπάρχουν, Καταχωρήστε ετικέτα πρώτοι!
|
MARC
| LEADER | 00000cam a2200000 a 4500 | ||
|---|---|---|---|
| 001 | 1/121931 | ||
| 008 | 200806s2019####gr | ||| |||| ||gre|| | ||
| 020 | |a 9786185012380 | ||
| 040 | |a GR-MyUa |b gre |c GR-MyUa |e AACR2 | ||
| 041 | 1 | |a gre |h eng | |
| 082 | 7 | |a 300.72 |2 (23) | |
| 100 | 1 | |a Silver, Christina. | |
| 245 | 1 | 0 | |a Ποιοτική έρευνα υποστηριζόμενη από λογισμικά : |b ένας οδηγός βήμα προς βήμα / |c Christina Silver, Ann Lewis ; μετάφραση: Σταυρούλα Ι. Πραντσούδη ; επιστημονική επιμέλεια: Γεώργιος Φεσάκης, Ανδρέας Μούτσιος-Ρέντζος. |
| 260 | |a Αθήνα : |b Liberal Books, |c 2019. | ||
| 300 | |a xxxiii, 426 σ. : |b εικ., πίν. ; |c 24 εκ. | ||
| 500 | |a Τίτλος πρωτοτύπου: Using software in qualitative research: a step-by-step guide. | ||
| 504 | |a Βιβλιογραφία: σ. 417-423 και ευρετήριο: σ. 425-426. | ||
| 650 | 0 | |a Qualitative research |x Data processing. | |
| 650 | 0 | |a Automatic data collection systems |x Computer programs. | |
| 650 | 0 | |a Computer programs. | |
| 650 | 0 | |a Social sciences |x Research. | |
| 700 | 1 | |a Lewins, Ann. | |
| 700 | 1 | |a Πραντσούδη, Σταυρούλα Ι. |e trlf | |
| 700 | 1 | |a Φεσάκης, Γεώργιος, |e edt | |
| 700 | 1 | |a Μούτσιος-Ρέντζος, Ανδρέας, |e edt | |
| 852 | |a INST |b RHODES |c EUDOXUS |e 20200806 |h 300.72 SIL |p 005400041635 |q 005400041635 |t EDX |y 0 | ||
| 852 | |a INST |b RHODES |c EUDOXUS |e 20210217 |h 300.72 SIL |p 005400041943 |q 005400041943 |t EDX |y 0 | ||
| 852 | |a INST |b RHODES |c EUDOXUS |e 20210217 |h 300.72 SIL |p 005400041944 |q 005400041944 |t EDX |y 0 | ||
| 920 | |a Εύδοξος |b Παραγγελία |y Ρόδος-ΤΕΠΑΕΣ |z 2020-07 | ||
| 920 | |a Εύδοξος |b Παραγγελία |y Ρόδος-ΤΕΠΑΕΣ |z 2021-01 | ||
| 970 | |a Μαρία |b Κωτάκου |z 06-08-2020 | ||